Datum a čas kvízu
30
Celkem bodů
Celkový počet nahraných bodů na tomto kvízu bez doplňovacích otázek.
10.
Pořadí na kvízu
Konečné umístění týmu na tomto kvízu.
Zaznamenané odpovědi
| # | Otázka | Odpověď | Body | Výsledky |
|---|---|---|---|---|
| 1. | Více než dvacet tisíc Čechů se... | Black Hawk (UH-60), Čestmír | 0.5 | |
| 2. | Prezident jisté asijské země,... | v Jižní Koreji | 1 | |
| 3. | V úterý měl na Netflixu premié... | Meghan (Markle) | 1 | |
| 4. | V letošním ročníku soutěže Vis... | Kytary.cz | 1 | |
| 5. | Minulý týden skončila základní... | 1D 2A 3C 4B | 1 | |
| 6. | Chybou kapitána ztroskotal v b... | u Aljašky | 0 | |
| 7. | V tématu o slavných lodích se... | Carpathia | 1 | |
| 8. | Loď Beagle na své druhé plavbě... | Charles Darwin | 1 | |
| 9. | Válečná loď Vasa ujela celkem... | ve Stockholmu | 0 | |
| 10. | Která z těchto slavných lodí b... | C | 0 |